000
00323 a2200145 4500
001
156197
040
_c
Escola São Tomás de Aquino
100
_a
ASSUMPÇÃO, Simone
240
1
0
_a
Poesia fora de estante
_l
por
245
1
0
_a
Poesia fora de estante
300
_a
127
362
0
_a
2011
697
_a
Poesia
942
_c
BK
999
_c
156197
_d
156197